|
|
|
|
| LEADER |
00000cam a2200000 7i4500 |
| 001 |
0000037310 |
| 005 |
20031210093000.0 |
| 020 |
|
|
|a 0070188521
|
| 090 |
0 |
0 |
|a TA169
|b .E24 1997
|
| 100 |
0 |
|
|a Ebeling, Charles E. ,
|e author
|
| 245 |
1 |
3 |
|a An introduction to reliability and maintainability engineering
|c Charles E. Ebeling
|
| 260 |
2 |
|
|a New York :
|b McGraw-Hill ,
|c c1997
|
| 300 |
|
|
|a xviii, 486 p. :
|b ill. ;
|c 23 cm.
|
| 504 |
|
|
|a Includes bibliographical references (p. 449-454) and index
|
| 650 |
|
0 |
|a Maintainability (Engineering)
|
| 650 |
|
0 |
|a Reliability (Engineering)
|
| 999 |
|
|
|a 1000084274
|b Book
|c OPEN SHELF (30 DAYS)
|e Gong Badak Campus
|